|
|
|
|
| LEADER |
00000nab a2200000 a 4500 |
| 001 |
vtls011117963 |
| 003 |
SK-MaSNL |
| 005 |
20260303145325.0 |
| 008 |
230222|2011 xo |||||||||||||||||slo| |
| 015 |
|
|
|a SNBRB
|
| 035 |
|
|
|a (uuid)7684a14b-b6b9-4a73-bd56-44e9c6fe6a26
|
| 035 |
|
|
|a (urnnbn)urn:nbn:sk:snk:ar-a08m7a
|
| 035 |
|
|
|a urn:nbn:sk:snk-ab9oa0
|
| 040 |
|
|
|a SNKBUCL
|b slo
|c SNKBUCL
|e AACR2
|
| 041 |
0 |
|
|a slo
|
| 044 |
|
|
|a xo
|c SK
|
| 100 |
1 |
|
|a Petráš, Rudolf
|4 aut
|9 5298
|
| 245 |
1 |
0 |
|a ANALÝZA PRESNOSTI POLOHOVANIA KROKOVÉHO MOTORA V REŽIME DROBENIA
|c Rudolf Petráš, Jozef Šuriansky
|
| 246 |
3 |
|
|a THE STEPPER MOTOR ACCURACY MOVEMENT ANALYSIS IN A MICROSTEPPING
|
| 700 |
1 |
|
|a Šuriansky, Jozef,
|d 1954-
|4 aut
|9 205315
|
| 773 |
0 |
|
|t Acta Facultatis technicae Zvolen : vedecký časopis Fakulty environmentálnej a výrobnej techniky
|g Roč. 16, č. 2 (2011), s. 159-166
|
| 954 |
|
|
|a odborná, vedecká literatúra pôvodná (slovenská)
|2 lita
|
| 958 |
|
|
|a OND
|
| 958 |
|
|
|a EUIPO
|
| 958 |
|
|
|a article13
|
| 999 |
|
|
|c 2002194
|d 2004124
|